Những ảnh hưởng của chất đồng đẳng cấu lên tính chất quang học của hợp chất Ge2Sb2Te5 : Luận án tiến sĩ - Chuyên ngành: Vật lý chất bán dẫn

Đã lưu trong:
書目詳細資料
主要作者: Nguyễn, Huy Phúc
格式: Luận văn
語言:Undetermined
出版: Moskva, Nga 2014
主題:
標簽: 添加標簽
沒有標簽, 成為第一個標記此記錄!
Thư viện lưu trữ: Trung tâm Thư viện - Trường Đại học Công nghiệp TP. Hồ Chí Minh
LEADER 00665nam a2200157Ia 4500
001 UIH_01841
008 230809s9999 xx 000 0 und d
082 |a 621.38152 
100 |a Nguyễn, Huy Phúc 
245 0 |a Những ảnh hưởng của chất đồng đẳng cấu lên tính chất quang học của hợp chất Ge2Sb2Te5 : Luận án tiến sĩ - Chuyên ngành: Vật lý chất bán dẫn 
245 0 |c Nguyễn, Huy Phúc 
260 |b Moskva, Nga 
260 |c 2014 
650 |a Vật lý 
927 |a Luận văn 
980 |a Trung tâm Thư viện - Trường Đại học Công nghiệp TP. Hồ Chí Minh